LEADER 01123nam--2200325---450- 001 990006038260203316 005 20150513152315.0 035 $a000603826 035 $aUSA01000603826 035 $a(ALEPH)000603826USA01 035 $a000603826 100 $a20150513d--------km-y0itay50------ba 101 $aita 102 $aIT 105 $a||||||||001yy 200 1 $a<> momento oscuro della incoronazione romana di Enrico VI (a. 1191)$erisultati di una vivace polemica storiografica e tentativo di ricostruzione dell'episodio$fPiero Zerbi 210 $a[S.l.]$c[s.n.]$d[s.d.] 215 $a12 p.$d24 cm 300 $aGià pubblicato in: Miscellanea Mons. Giulio Belvederi, 1954 600 0 $aEnrico $xIncoronazione$z1191$2BNCF 676 $a943.024092 700 1$aZERBI,$bPietro$0198237 801 0$aIT$bsalbc$gISBD 912 $a990006038260203316 951 $aFC.OE. 238$b295 FCil$cFC.OE.$d375772 959 $aBK 969 $aFCIL 979 $aGENEROSO$b90$c20150513$lUSA01$h1523 996 $aMomento oscuro della incoronazione romana di Enrico VI (a. 1191$91075856 997 $aUNISA LEADER 01139nam a2200301 i 4500 001 991001779599707536 005 20020507151635.0 008 000626s1997 it ||| | ita 020 $a8814062471 035 $ab11562936-39ule_inst 035 $aLE02725081$9ExL 040 $aDip.to Studi Giuridici$bita 082 0 $a346.450433 084 $aPR-IV/B 100 1 $aFavale, Rocco$0236600 245 13$aLa comunione ordinaria /$cRocco Favale ; introduzione di Antonino Procida Mirabelli di Lauro 260 $aMilano :$bA. Giuffrè,$c[1997] 300 $axxviii, 646 p. ;$c24 cm. 440 3$aIl diritto privato oggi 504 $aIndice bibliografico 650 4$aComunione$xDiritto$zItalia 907 $a.b11562936$b02-04-14$c02-07-02 912 $a991001779599707536 945 $aLE029 346 FAV01.01$g1$i2029000000849$lle029$op$pE38.73$q-$rn$so $t0$u0$v0$w0$x0$y.i12498762$z09-04-03 945 $aLE027 PR-IV/B 41$g1$i2027000284122$lle027$o-$pE0.00$q-$rl$s- $t0$u2$v0$w2$x0$y.i11765768$z02-07-02 996 $aComunione ordinaria$9658844 997 $aUNISALENTO 998 $ale029$ale027$b01-01-00$cm$da $e-$fita$git $h3$i1